| 000 | 00731nam a2200205 a 4500 | ||
|---|---|---|---|
| 001 | 000009797 | ||
| 005 | 20240412074213.0 | ||
| 008 | 091001p1989 dr a 000 p spa d | ||
| 040 |
_aDO-SdBNP _bspa _cBNPHU |
||
| 082 |
_aRD861.44 _bB837e |
||
| 100 | 1 |
_aBrenes de Puello, Gladialisa _924701 |
|
| 245 | 1 | 0 |
_aEn alas del ensueño : _bafectivas, místicas, íntimas, sonetos, anhelos, otros poemas / _cGladialisa Brenes de Puello. |
| 260 |
_aSanto Domingo : _bElizabeth, _c1989. |
||
| 300 |
_a117 p. : _bil. ; _c20 cm. |
||
| 500 | _aIncluye datos biográficos de la autora | ||
| 590 | _aInventariado, 2018/LP | ||
| 650 | 0 |
_aPoesía dominicana _966 |
|
| 650 | 0 |
_aLiteratura dominicana. _967 |
|
| 910 | _aValidado. Control de calidad BNPHU | ||
| 999 |
_c9556 _d9556 |
||